000 00532nam a2200193Ia 4500
003 GCL
008 140319s9999 xx 000 0 eng d
040 _aGCL /
_cGCL
082 0 4 _aCC
_b726.2
_bA M
100 1 _aABOUSEIF, DORIS B
245 1 0 _aTHE MINARETS OF CAIRO /
_cABOUSEIF, DORIS B
260 _a[S.N] :
_bTHE AMERICAN UNIVERSITY IN CAIRO PRESS ،
_c1987
300 _a203
650 0 4 _aBUILDINGS FOR RELIGIOUS
650 0 4 _aCAIRO
650 0 4 _aMOSQUES AND MINARETS
650 0 4 _aISLAM - ARCHETICTURE
942 _2ddc
_cBK
999 _c13134
_d13134